| 000 | 00567cam a2200217 a 4500 | ||
|---|---|---|---|
| 001 | 1469422 | ||
| 005 | 20180301093357.0 | ||
| 008 | 870909s1985 enkaf c f001 0 eng | ||
| 010 | _a 86177574 | ||
| 020 |
_a0002174065 (pbk.) : _c£7.95 |
||
| 040 |
_aDLC _cDLC _dDLC |
||
| 041 | _aeng | ||
| 043 |
_ae-fr--- _ae-uk-en |
||
| 080 | _a759.4074/02 MIC | ||
| 082 | 0 | 0 |
_a759.4074/02 MIC _219 |
| 100 | _a45 | ||
| 101 | _aART | ||
| 245 | 1 | 0 |
_aFrench paintings before 1800 / _cMichael Wilson. |
| 906 |
_a7 _bcbc _corignew _d3 _encip _f19 _gy-gencatlg |
||
| 942 |
_2ddc _cBK |
||
| 999 |
_c43891 _d43891 |
||